Govt. of
Madhya Pradesh

Medical Study Package Physics (Record no. 32749)

MARC details
000 -LEADER
fixed length control field 003810000a22001450004500
003 - CONTROL NUMBER IDENTIFIER
control field MACL
040 ## - CATALOGING SOURCE
Original cataloging agency MACL
090 ## - LOCALLY ASSIGNED LC-TYPE CALL NUMBER (OCLC); LOCAL CALL NUMBER (RLIN)
-- 33091
-- 33089
100 ## - MAIN ENTRY--PERSONAL NAME
Personal name Sinha, S.C.
245 ## - TITLE STATEMENT
Title Medical Study Package Physics
Remainder of title For All India Medical CBSE, AIIMS, AFMC, CPMT and Other Pre Medical Exam
260 ## - PUBLICATION, DISTRIBUTION, ETC. (IMPRINT)
Name of publisher, distributor, etc. Bright Careers
Date of publication, distribution, etc. 1998
350 ## - PRICE (NR) (BK AM CF MU VM SE) [OBSOLETE]
Price 165
650 ## - SUBJECT ADDED ENTRY--TOPICAL TERM
Topical term or geographic name as entry element Physics
942 ## - ADDED ENTRY ELEMENTS (KOHA)
Koha item type Library Membar
Call number prefix 530/Sin
Holdings
Withdrawn status Lost status Damaged status Not for loan Home library Current library Date acquired Total Checkouts Full call number Barcode Date last seen Uniform Resource Identifier Price effective from Koha item type
        MACL MACL 15/04/2015   530/Sin BOOK CLC4217 29/04/2015 32805 15/04/2015 Books